000 00329nam a2200133Ia 4500
008 240624s9999 xx 000 0 und d
041 _aeng
082 _a920 NAI
100 _aNAIR P M
245 _aKALAM EFFECT MY YEARS WITH THE PRESIDENT
260 _c2011
_aNew Delhi
_bHarperCollins
300 _a180 : p.
365 _cRS
_b30
999 _c24499
_d24499